Diccionario Griego-Español

Shranjeno v:
Bibliografske podrobnosti
Glavni avtor: Balague, Miguel
Format: Knjiga
Jezik:Undetermined
Izdano: Madrid, España EOSGRAF 1971
Izdaja:8
Teme:
Oznake: Označite
Brez oznak, prvi označite!

MARC

LEADER 00000nam a2200000Ia 4500
008 170316s9999 xx 000 0 und d
040 |a cru BVZT 
090 |a R-413 B-1d GRI-ESP 
100 |a Balague, Miguel 
245 |a Diccionario Griego-Español 
250 |a 8 
260 |a Madrid, España 
260 |b EOSGRAF 
260 |c 1971 
300 |a 930 páginas 
650 |a REFERENCIA 
999 |c 14751  |d 14751 
942 |c 15 D  |h R-413 B-1d GRI-ESP  |2 z